[Event "Sant Adria de Besos op 13th"]
[Site "Sant Adria de Besos"]
[Date "2017.05.14"]
[Round "4"]
[White "Daguro Dasalla, Armando"]
[Black "Garcia Ahumada, Lluis"]
[Result "0-1"]
[WhiteElo "2155"]
[BlackElo "1789"]
[PlyCount "80"]
[EventDate "2017.04.23"]
[EventType "swiss"]
[EventRounds "9"]
[EventCountry "ESP"]
[SourceTitle "EXT 2018"]
[Source "ChessBase"]
[SourceDate "2017.10.13"]
[SourceVersion "1"]
[SourceVersionDate "2017.10.13"]
[SourceQuality "1"]

1. d4 Nf6 2. c4 e5 3. d5 Bc5 4. Nc3 d6 5. h3 Bf5 6. Bg5 Nbd7 7. e4 Bg6 8. Bd3 c6 9. Nge2 Qb6 10. 0-0 h6 11. Bxf6 Nxf6 12. Na4 Qc7 13. Nxc5 dxc5 14. Nc3 cxd5 15. exd5 0-0 16. Bxg6 fxg6 17. Qc2 g5 18. Rad1 a6 19. Rfe1 Qd6 20. Rd2 Rfe8 21. Rde2 Re7 22. Qg6 Rae8 23. Ne4 Nxe4 24. Qxe4 b6 25. Re3 Rf8 26. Rf3 Rf4 27. Rxf4 gxf4 28. b3 Qf6 29. Rd1 Qd6 30. Rd3 Rf7 31. a3 g5 32. b4 cxb4 33. axb4 Qxb4 34. Qg6+ Rg7 35. Qe6+ Rf7 36. d6 Qb1+ 37. Kh2 Qxd3 38. Qxe5 Qf5 39. Qe8+ Kg7 40. Qd8 b5 0-1

[Event "Sant Adria de Besos op 12th"]
[Site "Sant Adria de Besos"]
[Date "2016.04.10"]
[Round "1"]
[White "Barragan Hernandez, Manel"]
[Black "Garcia Ahumada, Lluis"]
[Result "1-0"]
[WhiteElo "2128"]
[BlackElo "1781"]
[PlyCount "131"]
[EventDate "2016.04.10"]
[EventType "swiss"]
[EventRounds "9"]
[EventCountry "ESP"]
[SourceTitle "EXT 2017"]
[Source "ChessBase"]
[SourceDate "2016.10.25"]
[SourceVersion "1"]
[SourceVersionDate "2016.10.25"]
[SourceQuality "1"]

1. e4 d5 2. exd5 c6 3. dxc6 Nxc6 4. Bb5 Bd7 5. Nf3 g6 6. 0-0 Bg7 7. Re1 Nf6 8. d4 0-0 9. c3 e6 10. Bf4 Ne7 11. Na3 Ned5 12. Bd6 Re8 13. c4 Ne7 14. c5 Ned5 15. Bc4 a6 16. Ne5 Bc6 17. Nc2 Nh5 18. Nxc6 bxc6 19. Bxd5 exd5 20. Nb4 Qd7 21. Qd2 a5 22. Nc2 Nf6 23. f3 Re6 24. Rxe6 fxe6 25. Re1 Ne8 26. Be5 Bxe5 27. Rxe5 Ng7 28. Qe1 Qb7 29. b3 Qb5 30. Qe2 Qxe2 31. Rxe2 Kf7 32. Ne3 Nf5 33. Nxf5 exf5 34. Kf2 Rb8 35. Ke1 Rb4 36. Rd2 a4 37. bxa4 Rxa4 38. Ke2 Ke6 39. Kd1 Rc4 40. f4 Kf7 41. Rd3 Ke6 42. Kd2 Ra4 43. a3 Kd7 44. Kc2 Kc7 45. Kb3 Ra8 46. Re3 Rb8+ 47. Kc2 Kd7 48. Rb3 Ra8 49. Rb7+ Ke6 50. Kb3 h6 51. Rc7 Ra6 52. h4 h5 53. Rg7 Kf6 54. Rb7 Ra8 55. Rc7 Ra6 56. a4 Ke6 57. Rg7 Kf6 58. Rb7 Ra8 59. Rb6 Rc8 60. a5 Ke7 61. a6 Kd7 62. Rb7+ Rc7 63. Rxc7+ Kxc7 64. Kb4 Kc8 65. Ka5 Kc7 66. g3 1-0

[Event "Mataro op 12th"]
[Site "Mataro"]
[Date "2015.11.07"]
[Round "6.10"]
[White "Garcia Ahumada, Lluis"]
[Black "Moriche Vivas, Carlos"]
[Result "1/2-1/2"]
[WhiteElo "1778"]
[BlackElo "1760"]
[PlyCount "125"]
[EventDate "2015.10.03"]
[EventType "swiss"]
[EventRounds "9"]
[EventCountry "ESP"]
[SourceTitle "EXT 2024"]
[Source "ChessBase"]
[SourceDate "2023.10.10"]
[SourceVersion "1"]
[SourceVersionDate "2023.10.10"]
[SourceQuality "1"]

1. e4 e5 2. Nf3 Nc6 3. Bc4 Bc5 4. c3 Nf6 5. d4 exd4 6. cxd4 Bb4+ 7. Bd2 Nxe4 8. Bxb4 Nxb4 9. Qe2 d5 10. Bd3 Nxd3+ 11. Qxd3 0-0 12. 0-0 c6 13. Nbd2 Bf5 14. Qe3 Re8 15. Qf4 Qf6 16. Rfe1 Bg6 17. Qxf6 Nxf6 18. Ne5 Bf5 19. h3 h5 20. Re3 Nd7 21. Rae1 Nxe5 22. Rxe5 Rxe5 23. Rxe5 g6 24. Re7 b6 25. Rc7 Rc8 26. Rxa7 c5 27. dxc5 bxc5 28. a4 d4 29. a5 c4 30. a6 c3 31. bxc3 dxc3 32. Nb3 c2 33. Nc1 Rd8 34. Kh2 Rd6 35. Ra8+ Kg7 36. a7 Be4 37. Re8 Bb7 38. a8Q Bxa8 39. Rxa8 Rd1 40. Ra1 Kf6 41. Kg3 Ke5 42. Kf3 Kd4 43. Ke2 Kc3 44. Na2+ Kb2 45. Rxd1 cxd1Q+ 46. Kxd1 Kxa2 47. Kc2 Ka3 48. Kc3 Ka4 49. Kd4 Kb3 50. g4 Kc2 51. f4 Kd2 52. Ke4 Ke2 53. gxh5 gxh5 54. Kf5 Kf3 55. h4 Kg3 56. Kg5 f5 57. Kxf5 Kxh4 58. Ke5 Kg4 59. f5 h4 60. f6 h3 61. f7 h2 62. f8Q h1Q 63. Qf5+ 1/2-1/2

[Event "Sant Adria de Besos op 11th"]
[Site "Sant Adria de Besos"]
[Date "2015.06.14"]
[Round "8.21"]
[White "Garcia Ahumada, Lluis"]
[Black "Orts Gonzalez, Rafael"]
[Result "1-0"]
[WhiteElo "1772"]
[BlackElo "1677"]
[PlyCount "125"]
[EventDate "2015.04.12"]
[EventType "swiss"]
[EventRounds "9"]
[EventCountry "ESP"]
[SourceTitle "EXT 2024"]
[Source "ChessBase"]
[SourceDate "2023.10.10"]
[SourceVersion "1"]
[SourceVersionDate "2023.10.10"]
[SourceQuality "1"]

1. e4 g6 2. Nf3 h6 3. Bc4 Bg7 4. c3 b6 5. d3 Bb7 6. 0-0 e6 7. Be3 a5 8. Nbd2 a4 9. a3 Bc6 10. Re1 b5 11. Ba2 Na6 12. Rb1 d6 13. d4 Ne7 14. d5 exd5 15. exd5 Bb7 16. Nf1 0-0 17. Ng3 f5 18. Bd4 f4 19. Ne4 Nf5 20. Bxg7 Nxg7 21. Nd4 Re8 22. f3 Nc5 23. Nxc5 Rxe1+ 24. Qxe1 dxc5 25. Ne6 Qd6 26. Nxg7 Kxg7 27. Rd1 c4 28. Qe6 Bc8 29. Qxd6 cxd6 30. Bb1 Bf5 31. Bxf5 gxf5 32. Re1 Ra6 33. Re6 Kh7 34. Rf6 Rb6 35. Rxf5 b4 36. Rxf4 bxa3 37. bxa3 Rb3 38. Rxc4 Rxa3 39. Rc6 Ra1+ 40. Kf2 Rc1 41. Rxd6 Rxc3 42. Ra6 a3 43. Kg3 Rd3 44. d6 Kg7 45. Ra7+ Kf6 46. d7 Ke7 47. d8Q+ Kxd8 48. h4 Ke8 49. Kg4 Kf8 50. Kh5 Rd2 51. g4 Rd3 52. f4 Rf3 53. f5 Rh3 54. Kxh6 Rxh4+ 55. Kg5 Rh3 56. Kf6 Ke8 57. g5 Rb3 58. g6 Rb6+ 59. Kg7 Rb5 60. f6 Kd8 61. f7 Rf5 62. f8Q+ Rxf8 63. Kxf8 1-0

[Event "Sant Adria de Besos op 11th"]
[Site "Sant Adria de Besos"]
[Date "2015.05.24"]
[Round "5.23"]
[White "Hernando Harto, Maria"]
[Black "Garcia Ahumada, Lluis"]
[Result "1/2-1/2"]
[WhiteElo "1666"]
[BlackElo "1772"]
[PlyCount "140"]
[EventDate "2015.04.12"]
[EventType "swiss"]
[EventRounds "9"]
[EventCountry "ESP"]
[SourceTitle "EXT 2024"]
[Source "ChessBase"]
[SourceDate "2023.10.10"]
[SourceVersion "1"]
[SourceVersionDate "2023.10.10"]
[SourceQuality "1"]

1. e4 e5 2. Nf3 Nc6 3. d4 d6 4. dxe5 dxe5 5. Qxd8+ Kxd8 6. Bc4 f6 7. Be3 Bd6 8. Nc3 Nge7 9. 0-0-0 Ke8 10. Rhe1 Bb4 11. Bd2 Bg4 12. Nb5 Bxd2+ 13. Rxd2 Rc8 14. Nh4 a6 15. Nc3 Nd4 16. Ne2 Nxe2+ 17. Bxe2 Bxe2 18. Rexe2 Rd8 19. Nf3 Nc6 20. Rd1 Nd4 21. Nxd4 exd4 22. Red2 c5 23. c3 Ke7 24. cxd4 cxd4 25. Rxd4 Rxd4 26. Rxd4 Rc8+ 27. Kb1 Rc5 28. b3 g6 29. Rd2 f5 30. Rc2 Rxc2 31. Kxc2 fxe4 32. Kc3 Ke6 33. Kd4 Kf5 34. Kd5 b5 35. b4 g5 36. Kc6 Ke5 37. Kb6 Kd4 38. Kxa6 Kd3 39. Kxb5 Ke2 40. Kc5 Kxf2 41. b5 e3 42. b6 e2 43. b7 e1Q 44. b8Q Qc3+ 45. Kd5 Qd3+ 46. Ke6 Qg6+ 47. Ke5 Qc2 48. Qg8 Qe2+ 49. Kf5 Qb5+ 50. Kg4 h6 51. Qf8+ Ke2 52. Qxh6 Qc4+ 53. Kf5 Qd5+ 54. Kg6 Qe6+ 55. Kxg5 Qxa2 56. h4 Kf2 57. Qc6 Qg8+ 58. Kf5 Qf7+ 59. Qf6 Qh5+ 60. Qg5 Qf7+ 61. Kg4 Kxg2 62. h5 Qc4+ 63. Kf5+ Kh1 64. h6 Qd5+ 65. Kg6 Qg8+ 66. Kh5 Qf7+ 67. Kh4 Qf2+ 68. Kh3 Qf3+ 69. Qg3 Qh5+ 70. Qh4 Qf3+ 1/2-1/2

[Event "Sant Adria de Besos op 11th"]
[Site "Sant Adria de Besos"]
[Date "2015.05.10"]
[Round "3.26"]
[White "Talo Ramos, Jaume Oriol"]
[Black "Garcia Ahumada, Lluis"]
[Result "0-1"]
[WhiteElo "1650"]
[BlackElo "1772"]
[PlyCount "102"]
[EventDate "2015.04.12"]
[EventType "swiss"]
[EventRounds "9"]
[EventCountry "ESP"]
[SourceTitle "EXT 2024"]
[Source "ChessBase"]
[SourceDate "2023.10.10"]
[SourceVersion "1"]
[SourceVersionDate "2023.10.10"]
[SourceQuality "1"]

1. e4 e5 2. Nf3 Nc6 3. d3 d6 4. Nc3 Nf6 5. Be3 Be6 6. Be2 Be7 7. Qd2 Qd7 8. 0-0 0-0 9. Rae1 a6 10. Ra1 Rfe8 11. a3 Bd8 12. Rfe1 Bg4 13. Bh6 Nh5 14. Be3 Nf6 15. h3 Bxf3 16. Bxf3 Be7 17. Kf1 Bf8 18. Qd1 Qe6 19. Bg4 Nxg4 20. Qxg4 Qxg4 21. hxg4 Rac8 22. Ke2 Be7 23. Rh1 h6 24. Rad1 Nd8 25. f3 c6 26. Nb1 Ne6 27. c3 Bg5 28. Rde1 Bxe3 29. Kxe3 Nf4 30. Kf2 Nxd3+ 31. Ke2 Nxe1 32. Rxe1 d5 33. Nd2 Rcd8 34. Kd1 d4 35. Kc2 b5 36. b4 f6 37. g3 Rd7 38. Kb3 Red8 39. Re2 dxc3 40. Kxc3 Rd3+ 41. Kc2 Rxa3 42. Kd1 Rxf3 43. Rg2 Re3 44. Kc1 Ra3 45. Nb1 Rb3 46. Rb2 Rxb2 47. Kxb2 Rd3 48. Kc2 Rxg3 49. Nc3 Rxg4 50. Kd3 h5 51. Ne2 h4 0-1